[Posebna izdanja]. (Record no. 1459)
[ view plain ]
| 000 -LEADER | |
|---|---|
| fixed length control field | 01678cas a2200457 4500 |
| 001 - CONTROL NUMBER | |
| control field | data |
| 005 - DATE AND TIME OF LATEST TRANSACTION | |
| control field | 20260322212101.0 |
| 008 - FIXED-LENGTH DATA ELEMENTS--GENERAL INFORMATION | |
| fixed length control field | data |
| 010 ## - LIBRARY OF CONGRESS CONTROL NUMBER | |
| LC control number | 73646858 |
| 019 ## - | |
| -- | 50367797 |
| -- | 45458670 |
| -- | 50367797 |
| 022 ## - INTERNATIONAL STANDARD SERIAL NUMBER | |
| International Standard Serial Number | 0351-4633 |
| Canceled ISSN | 0301-4096 |
| Source | 46 |
| 023 0# - CLUSTER ISSN | |
| Cluster ISSN | 0351-4633 |
| Source | 46 |
| 029 1# - OTHER SYSTEM CONTROL NUMBER (OCLC) | |
| OCLC library identifier | AU@ |
| System control number | 000021482387 |
| 029 1# - OTHER SYSTEM CONTROL NUMBER (OCLC) | |
| OCLC library identifier | NLM |
| System control number | 7512959 |
| 035 ## - SYSTEM CONTROL NUMBER | |
| System control number | (OCoLC)1789119 |
| 040 ## - CATALOGING SOURCE | |
| Original cataloging agency | DLC |
| Language of cataloging | eng |
| Transcribing agency | DLC |
| Modifying agency | OCLCQ |
| -- | SER |
| -- | OCL |
| -- | DLC |
| -- | OCLCQ |
| -- | OCLCF |
| -- | OCLCO |
| -- | IUL |
| -- | NLM |
| -- | OCLCQ |
| -- | OCLCO |
| -- | OCLCA |
| -- | NLM |
| -- | OCLCA |
| -- | YUS |
| -- | OCLCQ |
| 041 0# - LANGUAGE CODE | |
| Language code of text/sound track or separate title | bos |
| Language code of summary or abstract | eng |
| 042 ## - AUTHENTICATION CODE | |
| Authentication code | nsdp |
| -- | nsdp |
| 050 00 - LIBRARY OF CONGRESS CALL NUMBER | |
| Classification number | R114 |
| Item number | .N35 |
| 060 #0 - NATIONAL LIBRARY OF MEDICINE CALL NUMBER | |
| Classification number | W1 |
| Item number | PO864 |
| 110 2# - MAIN ENTRY--CORPORATE NAME | |
| Corporate name or jurisdiction name as entry element | Akademija nauka i umjetnosti Bosne i Hercegovine. |
| Subordinate unit | Odjeljenje medicinskih nauka. |
| 222 #0 - KEY TITLE | |
| Key title | Posebna izdanja - Akademija nauka i umjetnosti Bosne i Hercegovine. Odjeljenje medicinskih nauka |
| 245 10 - TITLE STATEMENT | |
| Title | [Posebna izdanja]. |
| 260 ## - PUBLICATION, DISTRIBUTION, ETC. | |
| Place of publication, distribution, etc. | Sarajevo. |
| 300 ## - PHYSICAL DESCRIPTION | |
| Extent | volumes |
| Other physical details | illustrations |
| Dimensions | 24 cm. |
| 310 ## - CURRENT PUBLICATION FREQUENCY | |
| Current publication frequency | Annual |
| 336 ## - CONTENT TYPE | |
| Content type term | text |
| Content type code | txt |
| Source | rdacontent |
| 337 ## - MEDIA TYPE | |
| Media type term | unmediated |
| Media type code | n |
| Source | rdamedia |
| 338 ## - CARRIER TYPE | |
| Carrier type term | volume |
| Carrier type code | nc |
| Source | rdacarrier |
| 362 0# - DATES OF PUBLICATION AND/OR SEQUENTIAL DESIGNATION | |
| Dates of publication and/or sequential designation | knj. 2- 1970- |
| 490 0# - SERIES STATEMENT | |
| Series statement | Akademija nauka i umjetnosti Bosne i Hercegovine. Posebna izdanja |
| 546 ## - LANGUAGE NOTE | |
| Language note | Summaries in English. |
| 580 ## - LINKING ENTRY COMPLEXITY NOTE | |
| Linking entry complexity note | Continues the publication with the same title issued by the Department when it was part of Naučno društvo Bosne i Hercegovine. |
| 650 #0 - SUBJECT ADDED ENTRY--TOPICAL TERM | |
| Topical term or geographic name entry element | Medicine. |
| 650 #2 - SUBJECT ADDED ENTRY--TOPICAL TERM | |
| Topical term or geographic name entry element | Medicine. |
| 650 #7 - SUBJECT ADDED ENTRY--TOPICAL TERM | |
| Topical term or geographic name entry element | Medicine. |
| Source of heading or term | fast |
| Authority record control number or standard number | (OCoLC)fst01014893 |
| 655 #2 - INDEX TERM--GENRE/FORM | |
| Genre/form data or focus term | Periodical. |
| 780 00 - PRECEDING ENTRY | |
| Title | Posebna izdanja (Naučno društvo Bosne i Hercegovine. Odjeljenje medicinskih nauka) |
| 906 ## - LOCAL DATA ELEMENT F, LDF (RLIN) | |
| a | 0 |
| b | cbc |
| c | serials |
| d | 3 |
| e | ncip |
| f | 19 |
| g | n-oclcserc |
| 991 ## - | |
| -- | c-GenColl |
| -- | R114 |
| -- | .N35 |
| -- | SERIALS |
| Withdrawn status | Lost status | Damaged status | Not for loan | Home library | Current library | Shelving location | Date acquired | Total checkouts | Full call number | Barcode | Date last seen | Price effective from | Koha item type |
|---|---|---|---|---|---|---|---|---|---|---|---|---|---|
| Riverside | Riverside | General stacks | 22/03/2026 | R114 | LOC-RPL-00006 | 22/03/2026 | 22/03/2026 | Books |